00285pam a2200109 a 4500020000500000041000500005082001200010100003600022245006800058260003600126300001300162 c h a658.406 aBLAIR (G) / MEADOWS (S)eauthor aWinning at Change: How to Make Change for YouhTextual Document bPitman Publication Londonc1996 aXIII,209